000 00781nam a22002177a 4500
003 NALT
005 20250818221618.0
008 231128b th ||||| |||| 00| 0 tha d
020 _a9786163122377
040 _aNALT
100 0 _962217
_aมุทิกา
245 1 0 _aมารุตาลิขิตรัก /
_cมุทิกา
_h[electronic resource]
260 _aกรุงเทพฯ :
_bแฮปปี้ บานานา,
_c2558.
300 _aOnline resource
650 4 _96428
_aนวนิยายไทย
850 _aNALT
856 4 0 _uhttps://ebook.parliament.go.th/ebookall/detail/434112
_zE-Book
942 _cEBK
996 _achunbijaya.r
_bCATSTF
_c2023-11-28
999 _c103918
_d103918
998 _j25
_k นีลวัสน์ อินทรักษา